Environmental weightings: their use in the environmental assessment of construction products (Record no. 107044)

MARC details
000 -LEADER
fixed length control field 01081cam a22002535a 4500
001 - CONTROL NUMBER
control field L138178
008 - FIXED-LENGTH DATA ELEMENTS--GENERAL INFORMATION
fixed length control field 070521s2007 xxkdk f s 000 0 eng d
020 ## - INTERNATIONAL STANDARD BOOK NUMBER
International Standard Book Number 9781860819674
035 ## - SYSTEM CONTROL NUMBER
System control number (Sirsi) u138178
041 0# - LANGUAGE CODE
Language code of text/sound track or separate title eng
050 04 - LIBRARY OF CONGRESS CALL NUMBER
Classification number 333.72 $2 18
100 1# - MAIN ENTRY--PERSONAL NAME
Personal name Aizlewood, Chris
245 00 - TITLE STATEMENT
Title Environmental weightings: their use in the environmental assessment of construction products
260 ## - PUBLICATION, DISTRIBUTION, ETC.
Place of publication, distribution, etc. Bracknell
Name of publisher, distributor, etc. IHS BRE Press
Date of publication, distribution, etc. 2007
300 ## - PHYSICAL DESCRIPTION
Extent 8p.
Other physical details ill.
Dimensions 30cm.
520 ## - SUMMARY, ETC.
Summary, etc. Every construction product selected for use in a building has an environmental impact through its life cycle. This study describes the development of a weighting system to assess the relative importance of the various impacts. Gives a description of the methodology used to develop the system, the weighting results and an explanation of how the weightings are used.
651 #4 - SUBJECT ADDED ENTRY--GEOGRAPHIC NAME
Geographic name United Kingdom
Chronological subdivision
690 ## - LOCAL SUBJECT ADDED ENTRY--TOPICAL TERM (OCLC, RLIN)
Topical term or geographic name as entry element BUILT ENVIRONMENT-SUSTAINABLE CONSTRUCTION
700 1# - ADDED ENTRY--PERSONAL NAME
Personal name Edwards, Suzy
700 1# - ADDED ENTRY--PERSONAL NAME
Personal name Hamilton, Lorna
700 1# - ADDED ENTRY--PERSONAL NAME
Personal name Shiers, David
700 1# - ADDED ENTRY--PERSONAL NAME
Personal name Steele, Kristian
942 ## - ADDED ENTRY ELEMENTS (KOHA)
Suppress in OPAC 0
Holdings
Withdrawn status Lost status Source of classification or shelving scheme Damaged status Not for loan Home library Current library Shelving location Date acquired Total Checkouts Full call number Barcode Date last seen Copy number Price effective from Koha item type
    Dewey Decimal Classification     London London Boxed set 20/08/2007   BRE 30073906 06/08/2019 1 06/08/2019 Book